| 000 | 00564nam a2200181 a 4500 | ||
|---|---|---|---|
| 005 | 20140310183142.0 | ||
| 008 | 020820s19uu xx 00 eng d | ||
| 020 | _a066921289 | ||
| 050 |
_aHF 5549.5.J63 _b.J625 1992 |
||
| 100 | _aCranny, C.J. | ||
| 245 |
_aJob satisfaction : _bhow people feel about their jobs and how it affects their performance / _cC.J. Cranny. |
||
| 260 |
_aNew York : _bMaxwell Macmillan International , _c1992. |
||
| 300 |
_a296 p. : _c23 cm. |
||
| 521 | _aBSBA | ||
| 650 | _aJob satisfaction | ||
| 942 |
_cBK _2lcc _kFOR |
||
| 999 |
_c19429 _d19429 |
||